<?xml version="1.0" encoding="UTF-8"?><marc:collection xmlns:marc="http://www.loc.gov/MARC21/slim">
  <marc:record>
    <marc:leader>00000nem  2200000zi 4500</marc:leader>
    <marc:controlfield tag="001">9.902211</marc:controlfield>
    <marc:controlfield tag="003">CaOODSP</marc:controlfield>
    <marc:controlfield tag="005">20220504130025</marc:controlfield>
    <marc:controlfield tag="006">m     o  d f      </marc:controlfield>
    <marc:controlfield tag="007">cr mn|||||||||</marc:controlfield>
    <marc:controlfield tag="008">210730s2021    onc       e  fo 0   fre d</marc:controlfield>
    <marc:datafield tag="020" ind1=" " ind2=" ">
      <marc:subfield code="a">9780660398846</marc:subfield>
    </marc:datafield>
    <marc:datafield tag="034" ind1="0" ind2=" ">
      <marc:subfield code="a">a</marc:subfield>
    </marc:datafield>
    <marc:datafield tag="040" ind1=" " ind2=" ">
      <marc:subfield code="a">CaOODSP</marc:subfield>
      <marc:subfield code="b">fre</marc:subfield>
      <marc:subfield code="e">rda</marc:subfield>
      <marc:subfield code="c">CaOODSP</marc:subfield>
    </marc:datafield>
    <marc:datafield tag="041" ind1="0" ind2=" ">
      <marc:subfield code="a">fre</marc:subfield>
      <marc:subfield code="a">eng</marc:subfield>
    </marc:datafield>
    <marc:datafield tag="043" ind1=" " ind2=" ">
      <marc:subfield code="a">n-cn-qu</marc:subfield>
    </marc:datafield>
    <marc:datafield tag="052" ind1=" " ind2=" ">
      <marc:subfield code="a">3452</marc:subfield>
      <marc:subfield code="b">S292</marc:subfield>
    </marc:datafield>
    <marc:datafield tag="086" ind1="1" ind2=" ">
      <marc:subfield code="a">Fs72-51/1-2021-PDF</marc:subfield>
    </marc:datafield>
    <marc:datafield tag="245" ind1="0" ind2="0">
      <marc:subfield code="a">Atlas des courants de marée : </marc:subfield>
      <marc:subfield code="b">estuaire du Saint-Laurent, du cap de Bon-Désir à Trois-Rivières = Atlas of tidal currents : St. Lawrence Estuary, from Cap de Bon-Désir to Trois-Rivières.</marc:subfield>
    </marc:datafield>
    <marc:datafield tag="246" ind1="1" ind2="1">
      <marc:subfield code="a">Atlas of tidal currents : </marc:subfield>
      <marc:subfield code="b">St. Lawrence Estuary, from Cap de Bon-Désir to Trois-Rivières</marc:subfield>
    </marc:datafield>
    <marc:datafield tag="255" ind1=" " ind2=" ">
      <marc:subfield code="a">Échelles multiples.</marc:subfield>
    </marc:datafield>
    <marc:datafield tag="264" ind1=" " ind2="1">
      <marc:subfield code="a">Ottawa, Canada : </marc:subfield>
      <marc:subfield code="b">Pêches et océans Canada = Fisheries and Oceans Canada, </marc:subfield>
      <marc:subfield code="c">[2021]</marc:subfield>
    </marc:datafield>
    <marc:datafield tag="300" ind1=" " ind2=" ">
      <marc:subfield code="a">1 ressource en ligne (1 atlas (xx, 108 pages)) : illustrations en couleur, cartes en couleur</marc:subfield>
    </marc:datafield>
    <marc:datafield tag="336" ind1=" " ind2=" ">
      <marc:subfield code="a">image cartographique</marc:subfield>
      <marc:subfield code="b">cri</marc:subfield>
      <marc:subfield code="2">rdacontent/fre</marc:subfield>
    </marc:datafield>
    <marc:datafield tag="336" ind1=" " ind2=" ">
      <marc:subfield code="a">texte</marc:subfield>
      <marc:subfield code="b">txt</marc:subfield>
      <marc:subfield code="2">rdacontent/fre</marc:subfield>
    </marc:datafield>
    <marc:datafield tag="337" ind1=" " ind2=" ">
      <marc:subfield code="a">informatique</marc:subfield>
      <marc:subfield code="b">c</marc:subfield>
      <marc:subfield code="2">rdamedia/fre</marc:subfield>
    </marc:datafield>
    <marc:datafield tag="338" ind1=" " ind2=" ">
      <marc:subfield code="a">ressource en ligne</marc:subfield>
      <marc:subfield code="b">cr</marc:subfield>
      <marc:subfield code="2">rdacarrier/fre</marc:subfield>
    </marc:datafield>
    <marc:datafield tag="500" ind1=" " ind2=" ">
      <marc:subfield code="a">La date de publication (2008) et la date de l'avis de droit d'auteur (©2008) imprimées dans cette publication sont incorrectes.</marc:subfield>
    </marc:datafield>
    <marc:datafield tag="500" ind1=" " ind2=" ">
      <marc:subfield code="a">« Saint-Laurent Vision 2000. »</marc:subfield>
    </marc:datafield>
    <marc:datafield tag="500" ind1=" " ind2=" ">
      <marc:subfield code="a">« Publications autorisées par le Service hydrographique du Canada, Pêches et océans Canada. »</marc:subfield>
    </marc:datafield>
    <marc:datafield tag="504" ind1=" " ind2=" ">
      <marc:subfield code="a">Comprend des références bibliographiques (page xx).</marc:subfield>
    </marc:datafield>
    <marc:datafield tag="520" ind1=" " ind2=" ">
      <marc:subfield code="a">« Cette publication, Atlas des courants de marée — Estuaire du Saint-Laurent, du cap de Bon-Désir à Trois-Rivières, remplace le document publié en 1939 par le Service hydrographique du Canada, Tidal Currents Charts, St. Lawrence Estuary. De nombreuses mesures, acquises depuis ce temps, ainsi que l'utilisation de modèles numériques sur ordinateur permettent aujourd'hui de présenter une plus grande quantité d'information. L'Atlas montre, sous forme de cartes, les courants de surface de l'estuaire du Saint-Laurent entre le cap de Bon-Désir et Trois-Rivières, là où les marées et les apports d'eau douce dominent la circulation. Cet Atlas présente les courants produits par la marée et le débit du fl euve durant l'été, tout en ignorant l'effet du vent » -- Préface, page iv.</marc:subfield>
    </marc:datafield>
    <marc:datafield tag="546" ind1=" " ind2=" ">
      <marc:subfield code="a">Texte en français et en anglais.</marc:subfield>
    </marc:datafield>
    <marc:datafield tag="650" ind1=" " ind2="6">
      <marc:subfield code="a">Courants de marée</marc:subfield>
      <marc:subfield code="z">Québec (Province)</marc:subfield>
      <marc:subfield code="z">Saint-Laurent, Estuaire du</marc:subfield>
      <marc:subfield code="v">Cartes.</marc:subfield>
    </marc:datafield>
    <marc:datafield tag="650" ind1=" " ind2="6">
      <marc:subfield code="a">Cartes nautiques</marc:subfield>
      <marc:subfield code="z">Québec (Province)</marc:subfield>
      <marc:subfield code="z">Saint-Laurent, Estuaire du.</marc:subfield>
    </marc:datafield>
    <marc:datafield tag="655" ind1=" " ind2="7">
      <marc:subfield code="a">Atlas</marc:subfield>
      <marc:subfield code="2">rvmgf</marc:subfield>
    </marc:datafield>
    <marc:datafield tag="655" ind1=" " ind2="7">
      <marc:subfield code="a">Cartes nautiques</marc:subfield>
      <marc:subfield code="2">rvmgf</marc:subfield>
    </marc:datafield>
    <marc:datafield tag="655" ind1=" " ind2="7">
      <marc:subfield code="a">Cartes géographiques numériques</marc:subfield>
      <marc:subfield code="2">rvmgf</marc:subfield>
    </marc:datafield>
    <marc:datafield tag="710" ind1="2" ind2=" ">
      <marc:subfield code="a">Service hydrographique du Canada, </marc:subfield>
      <marc:subfield code="e">organisme de publication.</marc:subfield>
    </marc:datafield>
    <marc:datafield tag="710" ind1="2" ind2=" ">
      <marc:subfield code="a">Saint-Laurent Vision 2000 (Canada), </marc:subfield>
      <marc:subfield code="e">organisme de publication.</marc:subfield>
    </marc:datafield>
    <marc:datafield tag="791" ind1=" " ind2=" ">
      <marc:subfield code="t">Atlas des courants de marée : </marc:subfield>
      <marc:subfield code="e">eng</marc:subfield>
      <marc:subfield code="w">(CaOODSP)9.902212</marc:subfield>
    </marc:datafield>
    <marc:datafield tag="856" ind1="4" ind2="0">
      <marc:subfield code="q">PDF</marc:subfield>
      <marc:subfield code="s">34.02 Mo</marc:subfield>
      <marc:subfield code="u">https://publications.gc.ca/collections/collection_2022/mpo-dfo/Fs72-51-1-2021.pdf</marc:subfield>
    </marc:datafield>
  </marc:record>
</marc:collection>
